000 00380nam a22001577a 4500
003 CEME
005 20210628203757.0
008 210316b xxu||||| |||| 00| 0 eng d
040 _c.
082 _a530 TEX'P
100 _aPunjab Textbook Board
_967254
245 _aA textbook of design class xii
260 _aLAHORE
_bPUNJAB BOARD
_c1996
300 _a337P
942 _cBK
_2ddc
999 _c575076
_d575076